[Event "23rd OIBM 2019"]
[Site "Gmund am Tegernsee"]
[Date "2019.10.29"]
[Round "4.16"]
[White "Del Rio De Angelis, Salvador G."]
[Black "Schaefer, Michael"]
[Result "1-0"]
[WhiteElo "2491"]
[BlackElo "2160"]
[Annotator "ChessBase"]
[PlyCount "214"]
[EventDate "2019.10.17"]
[EventType "swiss"]
[EventCountry "GER"]
[SourceTitle "playchess.com"]
[Source "ChessBase"]
[SourceQuality "1"]
[TimeControl "40/5400+30:1800+30"]

1. d4 {[%emt 0:00:00]} d5 {[%emt 0:00:00]} 2. c4 {[%emt 0:00:00]} e6 {[%emt 0:00:00]} 3. Nc3 {[%emt 0:00:14]} Nf6 {[%emt 0:00:00]} 4. Bg5 {[%emt 0:00:16]} Be7 {[%emt 0:00:00]} 5. e3 {[%emt 0:00:28]} h6 {[%emt 0:00:10]} 6. Bh4 {[%emt 0:00:08]} O-O {[%emt 0:00:06]} 7. Nf3 {[%emt 0:00:36]} Ne4 {[%emt 0:00:14]} 8. Bxe7 {[%emt 0:00:20]} Qxe7 {[%emt 0:00:04]} 9. Rc1 {[%emt 0:00:12]} c6 {[%emt 0:00:30]} 10. Bd3 {[%emt 0:00:28]} Nxc3 {[%emt 0:00:25]} 11. Rxc3 {[%emt 0:00:09]} Nd7 {[%emt 0:00:07]} 12. cxd5 {[%emt 0:00:14]} exd5 {[%emt 0:00:24]} 13. O-O {[%emt 0:00:13]} Re8 {[%emt 0:01:52]} 14. Qc2 {[%emt 0:00:10]} Nf8 {[%emt 0:03:12]} 15. Ne5 {[%emt 0:02:01]} Be6 {[%emt 0:01:33]} 16. Rb1 {[%emt 0:03:58]} a5 {[%emt 0:07:55]} 17. Qb3 {[%emt 0:04:22]} Reb8 {[%emt 0:05:11]} 18. Qc2 {[%emt 0:19:33]} Nd7 {[%emt 0:06:46]} 19. Nf3 {[%emt 0:00:23]} Bg4 {[%emt 0:02:46]} 20. Nd2 {[%emt 0:00:27]} Nf8 {[%emt 0:00:15]} 21. a3 {[%emt 0:04:09]} a4 {[%emt 0:05:07]} 22. b3 {[%emt 0:04:28]} axb3 {[%emt 0:01:42]} 23. Rbxb3 {[%emt 0:00:21]} Bh5 {[%emt 0:08:42]} 24. Qb2 {[%emt 0:01:51]} Qd7 {[%emt 0:05:21]} 25. Rc1 {[%emt 0:05:13]} Bg6 {[%emt 0:01:19]} 26. Nf3 {[%emt 0:02:30]} Bxd3 {[%emt 0:03:07]} 27. Ne5 {[%emt 0:00:09]} Qc7 {[%emt 0:09:00]} 28. Nxd3 {[%emt 0:00:12]} Ne6 {[%emt 0:00:35]} 29. h3 {[%emt 0:01:29]} Nd8 {[%emt 0:02:30]} 30. Nc5 {[%emt 0:09:37]} b5 {[%emt 0:09:31]} 31. Nd3 {[%emt 0:01:06]} Qd6 {[%emt 0:01:49]} 32. Nb4 {[%emt 0:01:14]} Rb6 {[%emt 0:01:52]} 33. Rbc3 {[%emt 0:00:38]} g6 {[%emt 0:02:20]} 34. R1c2 {[%emt 0:01:40]} Ra4 {[%emt 0:02:05]} 35. Rc5 {[%emt 0:02:35]} Kh7 {[%emt 0:08:52]} 36. Qc1 {[%emt 0:00:35]} Qd7 {[%emt 0:04:23]} 37. R2c3 {[%emt 0:04:02]} Qa7 {[%emt 0:00:36]} 38. Kh2 {[%emt 0:09:59]} Kg7 {[%emt 0:00:18]} 39. Qb2 {[%emt 0:01:27]} Qd7 {[%emt 0:01:26]} 40. Qc1 {[%emt 0:03:32]} Qa7 {[%emt 0:00:13]} 41. g3 {[%emt 0:34:03]} Kh7 {[%emt 0:30:52]} 42. h4 {[%emt 0:02:01]} h5 {[%emt 0:00:07]} 43. Kg2 {[%emt 0:00:49]} Kg7 {[%emt 0:00:13]} 44. Rb3 {[%emt 0:06:52]} Qd7 {[%emt 0:00:52]} 45. Qc3 {[%emt 0:01:10]} Kh7 {[%emt 0:00:27]} 46. Qc2 {[%emt 0:01:54]} Kg7 {[%emt 0:00:16]} 47. Rcc3 {[%emt 0:01:16]} Qa7 {[%emt 0:02:15]} 48. Qc1 {[%emt 0:00:00]} Qd7 {[%emt 0:00:00]} 49. Rb2 {[%emt 0:00:00]} Kh7 {[%emt 0:00:00]} 50. Rbc2 {[%emt 0:00:00]} Qa7 {[%emt 0:00:00]} 51. Qb2 {[%emt 0:00:00]} Qd7 {[%emt 0:00:00]} 52. Rc1 {[%emt 0:00:00]} Kg8 {[%emt 0:00:00]} 53. Qc2 {[%emt 0:00:00]} Qa7 {[%emt 0:00:00]} 54. Nxc6 {[%emt 0:00:00]} Nxc6 {[%emt 0:00:00]} 55. Rxc6 {[%emt 0:00:00]} Rc4 {[%emt 0:00:00]} 56. Rc8+ {[%emt 0:00:00]} Kg7 {[%emt 0:00:00]} 57. Qb3 {[%emt 0:00:00]} Qb7 {[%emt 0:00:00]} 58. Rc5 {[%emt 0:00:00]} Qe7 {[%emt 0:00:00]} 59. Qd3 {[%emt 0:00:00]} Ra6 {[%emt 0:00:00]} 60. Rb1 {[%emt 0:00:00]} Rxc5 {[%emt 0:00:00]} 61. dxc5 {[%emt 0:00:00]} Qxc5 {[%emt 0:00:00]} 62. Rxb5 {[%emt 0:00:00]} Rxa3 {[%emt 0:00:00]} 63. Qxd5 {[%emt 0:00:00]} Qxd5+ {[%emt 0:00:00]} 64. Rxd5 {[%emt 0:00:00]} Ra4 {[%emt 0:00:00]} 65. Kf3 {[%emt 0:00:00]} Rb4 {[%emt 0:00:00]} 66. e4 {[%emt 0:00:00]} Kf6 {[%emt 0:00:00]} 67. Kf4 {[%emt 0:00:00]} Ra4 {[%emt 0:01:11]} 68. Rd6+ {[%emt 0:00:00]} Kg7 {[%emt 0:00:57]} 69. f3 {[%emt 0:00:11]} Rb4 {[%emt 0:00:29]} 70. Rd8 {[%emt 0:02:23]} Ra4 {[%emt 0:00:17]} 71. Re8 {[%emt 0:01:02]} Rb4 {[%emt 0:00:35]} 72. g4 {[%emt 0:00:16]} hxg4 {[%emt 0:00:17]} 73. Kxg4 {[%emt 0:00:05]} Ra4 {[%emt 0:00:59]} 74. h5 {[%emt 0:01:09]} gxh5+ {[%emt 0:00:12]} 75. Kxh5 {[%emt 0:00:14]} Kf6 {[%emt 0:03:29]} 76. Kg4 {[%emt 0:00:49]} Ra1 {[%emt 0:00:47]} 77. e5+ {[%emt 0:01:06]} Kg6 {[%emt 0:01:41]} 78. Rg8+ {[%emt 0:00:43]} Kh7 {[%emt 0:00:45]} 79. Rg5 {[%emt 0:00:14]} Ra6 {[%emt 0:01:19]} 80. Kf5 {[%emt 0:00:27]} Rb6 {[%emt 0:00:22]} 81. f4 {[%emt 0:00:09]} Ra6 {[%emt 0:00:06]} 82. Rg1 {[%emt 0:00:36]} Rb6 {[%emt 0:00:54]} 83. Rg4 {[%emt 0:01:29]} Kh6 {[%emt 0:01:10]} 84. Rg2 {[%emt 0:01:27]} Ra6 {[%emt 0:00:15]} 85. Rd2 {[%emt 0:00:25]} Kg7 {[%emt 0:00:22]} 86. Rd6 {[%emt 0:00:15]} Ra4 {[%emt 0:00:21]} 87. Kg5 {[%emt 0:03:05]} Ra5 {[%emt 0:00:44]} 88. Rd7 {[%emt 0:00:32]} Rb5 {[%emt 0:02:01]} 89. Kg4 {[%emt 0:01:40]} Kf8 {[%emt 0:01:20]} 90. Kf5 {[%emt 0:00:11]} Kg7 {[%emt 0:00:16]} 91. Ke4 {[%emt 0:00:09]} Rb4+ {[%emt 0:00:51]} 92. Rd4 {[%emt 0:00:09]} Rb1 {[%emt 0:00:10]} 93. f5 {[%emt 0:00:18]} Re1+ {[%emt 0:00:58]} 94. Kd5 {[%emt 0:00:07]} Rf1 {[%emt 0:00:15]} 95. f6+ {[%emt 0:05:20]} Kg6 {[%emt 0:00:15]} 96. Kd6 {[%emt 0:00:20]} Re1 {[%emt 0:01:49]} 97. Rd5 {[%emt 0:00:30]} Ra1 {[%emt 0:00:28]} 98. Ke7 {[%emt 0:00:16]} Ra7+ {[%emt 0:01:06]} 99. Rd7 {[%emt 0:00:12]} Ra5 {[%emt 0:00:46]} 100. e6 {[%emt 0:01:07]} fxe6 {[%emt 0:00:18]} 101. f7 {[%emt 0:00:46]} Rf5 {[%emt 0:00:18]} 102. f8=Q {[%emt 0:00:31]} Rxf8 {[%emt 0:00:22]} 103. Kxf8 {[%emt 0:00:05]} Kf5 {[%emt 0:00:19]} 104. Ke7 {[%emt 0:00:15]} e5 {[%emt 0:00:10]} 105. Kd6 {[%emt 0:00:04]} e4 {[%emt 0:00:38]} 106. Kd5 {[%emt 0:00:10]} e3 {[%emt 0:00:18]} 107. Re7 {[%emt 0:00:14]} Kf4 {[%emt 0:00:13] Ke4+} 1-0

[Event "23rd OIBM 2019"]
[Site "Gmund am Tegernsee"]
[Date "2019.10.29"]
[Round "4.17"]
[White "Kindtner, Ulrich"]
[Black "Yankelevich, Lev"]
[Result "0-1"]
[WhiteElo "2257"]
[BlackElo "2480"]
[Annotator "TA"]
[PlyCount "52"]
[EventDate "2019.10.17"]
[EventType "swiss"]
[EventCountry "GER"]
[SourceTitle "playchess.com"]
[Source "ChessBase"]
[SourceQuality "1"]

{[%evp 10,52,-21,-45,-20,-45,-5,-28,0,0,0,-2,7,-26,-24,-18,-14,-45,-48,-65,-50,-50,-44,-52,-52,-49,-21,-77,-22,-64,-60,-86,-82,-90,-86,-134,-99,-138,-83,-103,-99,-462,-447,-443,-445]} 1. e4 e5 2. Nf3 Nc6 3. Nc3 Nf6 4. d4 exd4 5. Nd5 Nb4 6. Bc4 Nbxd5 {C47: Scotch Four Knights and Four Knights with 4 g3} 7. exd5 Qe7+ (7... Bb4+ 8. Bd2 Qe7+ 9. Qe2 Bxd2+ 10. Kxd2 Qxe2+ 11. Kxe2 c5 12. dxc6 bxc6 13. Nxd4 d5 14. Bb3 {0-1 (33) Piskur,M (2269)-Blagojevic,D (2498) Cetinje 2016}) 8. Qe2 d3 $146 {Black has an edge.} ({Predecessor:} 8... Qxe2+ 9. Kxe2 c5 10. dxc6 dxc6 11. Nxd4 Bc5 12. c3 O-O 13. h3 Bxd4 14. cxd4 {0-1 (67) Feller,J (2174)-Ljubarskij,J (2301) Hockenheim 2007}) 9. cxd3 Qxe2+ 10. Kxe2 Be7 11. Bf4 b5 12. Bxb5 Nxd5 13. Be5 f6 14. Bd4 c5 {[#] aiming for ...Rb8.} 15. Bc3 $1 Rb8 16. Ba4 Nf4+ 17. Kd2 Bb7 18. Ne1 (18. Nh4 $11) 18... Bd5 ({Better is} 18... Kf7 $17) 19. Ke3 g5 $36 {[%mdl 2048] Black has the initiative.} ({Of course not} 19... Nxg2+ $6 20. Nxg2 Bxg2 21. Rhg1 $11) 20. f3 Be6 21. Kd2 Kf7 22. h4 h6 23. g3 Ng6 (23... Nd5 $142 {...Bd6 is the strong threat.} 24. Bb3 Nxc3 25. bxc3 Bd6 26. Bxe6+ dxe6) 24. Ng2 d5 {White must now prevent ...d4.} 25. d4 $2 {[%mdl 8192]} (25. h5 $17 Nf8 26. b3) 25... cxd4 $19 {[%mdl 64] [#] Overworked Piece} 26. Bxd4 Rb4 $1 {[%csl LRa4,LRd4][%mdl 64] Double Attack. Accuracy: White = 19%, Black = 58%.} 0-1

[Event "23rd OIBM 2019"]
[Site "Gmund am Tegernsee"]
[Date "2019.10.29"]
[Round "4.18"]
[White "Klimkowski, Jan"]
[Black "Vogel, Roven"]
[Result "0-1"]
[WhiteElo "2174"]
[BlackElo "2456"]
[Annotator "TA"]
[PlyCount "138"]
[EventDate "2019.10.17"]
[EventType "swiss"]
[EventCountry "GER"]
[SourceTitle "playchess.com"]
[Source "ChessBase"]
[SourceQuality "1"]

{[%evp 17,138,22,22,33,28,-45,-45,-46,-43,-45,-44,-42,-45,-40,-50,-53,-37,-50,-37,-35,-25,-29,-29,-30,-25,-27,-27,-30,-26,-48,-49,-46,-45,-58,-48,-65,-72,-73,-66,-100,-98,-105,-105,-114,-104,-104,-104,-104,-58,-54,-73,-52,-49,-132,-132,-143,-143,-143,-143,-143,-132,-132,-132,-334,-310,-415,-441,-435,-370,-348,-331,-479,-483,-468,-441,-413,-411,-355,-95,-396,-95,-95,-95,-360,-365,-349,-95,-373,0,-211,0,-539,-505,-476,-502,-434,-425,-386,-360,-249,-249,-249,-8,-263,-206,-367,-199,-199,0,0,0,-8,-8,-218,-225,-225,-225,-225,-225,-226,-226,-226,-226]} 1. e4 c6 2. d4 d5 3. exd5 cxd5 4. c4 Nf6 5. Nc3 g6 6. Qb3 Bg7 7. cxd5 O-O 8. Be2 Na6 9. Bf3 Qb6 10. Qxb6 {B14: Caro-Kann: Panov-Botvinnik Attack with 5...e6 and 5...g6} (10. Nge2 Qxb3 11. axb3 Nb4 12. O-O Rd8 13. Ra5 a6 14. Na4 b5 15. d6 Ra7 16. dxe7 Rxe7 17. Nac3 Be6 {½-½ (46) Amin,B (2689)-Artemiev,V (2691) Riadh 2017}) 10... axb6 11. Be3 (11. Nge2 $11) 11... Nb4 $15 12. Kd2 {Black is slightly better.} Rd8 {[%cal Rf6d5]} 13. Nge2 Nbxd5 14. Nxd5 $146 ({Predecessor:} 14. Rad1 Nb4 15. a3 Nc6 16. Ke1 Na5 17. a4 Nc4 {½-½ (53) Abasov,N-Moiseenko,V Urgup 2004}) 14... Nxd5 15. Bxd5 Rxd5 16. Nc3 Rd8 17. Rhd1 Bxd4 18. Bxd4 Rxd4+ 19. Ke3 Rxd1 20. Rxd1 $11 {[%mdl 4096] Endgame KRB-KRN} Be6 21. Rd4 Rc8 22. a3 Rc6 23. g3 Kf8 24. Rd8+ Kg7 25. Ne2 Rc7 26. Nd4 Bd7 27. f4 h5 28. h4 Bh3 29. Rd5 Rc5 30. Rxc5 bxc5 $17 {KB-KN} 31. Nb3 b6 {[%cal Bb7b6,Bb6b5][%mdl 32]} 32. Nd2 Bd7 33. Nc4 $1 {[%cal Rc4b6]} b5 34. Nd2 c4 $1 35. Nf3 (35. Ne4 $1 $15) 35... Kf6 36. Ne5 Be8 37. Nf3 Kf5 38. Nd4+ Kg4 39. Kf2 Bd7 40. Nc2 $2 (40. Nf3 $17 f6 41. Nd4) 40... Kf5 $19 41. Ke3 e5 $1 42. fxe5 Kxe5 43. Nd4 f6 44. Nf3+ (44. Nc2 $142) 44... Kf5 45. Nd4+ Kg4 $1 46. Kf2 g5 47. hxg5 Kxg5 $2 (47... fxg5 $19 {has better winning chances.} 48. Nf3 Be8 49. Nh2+ Kh3) 48. Nf3+ $2 {[%mdl 8192]} (48. Ke3 $17) 48... Kf5 49. Ke3 Be8 50. Nd4+ $2 {[%mdl 8192]} (50. Ke2 $17 {is the only way for White.}) 50... Kg4 $1 51. Kf2 Bd7 $2 (51... f5 $1 $19 {And now ...f4 would win.} 52. Ne6 Bd7) 52. Nc2 $2 {[%mdl 8192]} (52. Nf3 $17) 52... Be8 (52... f5 $142 $1 53. Ne3+ Kg5) 53. Nd4 $1 Bd7 $2 (53... f5 $1 54. Ne6 Bd7) 54. Nc2 $1 f5 $1 {[%cal Rf5f4]} 55. Ne3+ Kg5 56. Nd5 Be8 57. Nc7 Bc6 58. Ne6+ Kg4 59. Nd4 Bd5 $2 (59... Be8 $1 $19 {Hoping for ...f4.} 60. Ne6 Bd7) 60. Ne2 $2 {[%mdl 8192]} (60. Nxb5 $11 {and White stays safe.} f4 61. gxf4) 60... Bb7 61. Ke3 $2 (61. Nd4 {only move.}) 61... Bf3 (61... Bc6 $142 62. Kf2 f4 $1 {[%mdl 512]} 63. gxf4 Be8) 62. Nd4 {[#]} f4+ $2 ({Not} 62... Kxg3 63. Nxf3 f4+ 64. Ke4 $11) (62... Bd1 $1 $19 63. Kf2 Ba4) 63. gxf4 $11 Bd5 64. Kf2 Kxf4 65. Kg1 $2 (65. Nxb5 $11 h4 66. Nd4) 65... Ke3 $19 {Black is clearly better.} 66. Nxb5 {intending a4.} Kd2 67. a4 Kc2 68. a5 Kxb2 {White must now prevent ...c3.} 69. a6 {[#]} Kb3 $1 {Accuracy: White = 44%, Black = 61%.} 0-1

[Event "23rd OIBM 2019"]
[Site "Gmund am Tegernsee"]
[Date "2019.10.29"]
[Round "4.19"]
[White "Parvanyan, Ashot"]
[Black "Fauth, Dietmar"]
[Result "1-0"]
[WhiteElo "2448"]
[BlackElo "2099"]
[Annotator "ChessBase"]
[PlyCount "53"]
[EventDate "2019.10.17"]
[EventType "swiss"]
[EventCountry "GER"]
[SourceTitle "playchess.com"]
[Source "ChessBase"]
[SourceQuality "1"]
[TimeControl "40/5400+30:1800+30"]

1. Nf3 {[%emt 0:00:00]} d5 {[%emt 0:00:00]} 2. d4 {[%emt 0:00:34]} Nf6 {[%emt 0:01:14]} 3. c4 {[%emt 0:00:32]} e6 {[%emt 0:00:38]} 4. g3 {[%emt 0:00:25]} Be7 {[%emt 0:01:19]} 5. Bg2 {[%emt 0:00:24]} O-O {[%emt 0:00:10]} 6. O-O {[%emt 0:00:07]} dxc4 {[%emt 0:02:41]} 7. Qc2 {[%emt 0:00:31]} a6 {[%emt 0:01:57]} 8. a4 {[%emt 0:00:21]} Bd7 {[%emt 0:07:55]} 9. Qxc4 {[%emt 0:00:21]} Bc6 {[%emt 0:01:11]} 10. Bg5 {[%emt 0:00:23]} Nbd7 {[%emt 0:13:33]} 11. Nc3 {[%emt 0:01:52]} h6 {[%emt 0:04:07]} 12. Bxf6 {[%emt 0:00:30]} Nxf6 {[%emt 0:01:39]} 13. b4 {[%emt 0:03:03]} Qd6 {[%emt 0:26:09]} 14. b5 {[%emt 0:02:57]} axb5 {[%emt 0:03:04]} 15. axb5 {[%emt 0:00:08]} Rxa1 {[%emt 0:10:04]} 16. Rxa1 {[%emt 0:00:30]} Bxf3 {[%emt 0:03:22]} 17. Bxf3 {[%emt 0:00:19]} b6 {[%emt 0:00:33]} 18. Ra7 {[%emt 0:08:16]} Bd8 {[%emt 0:00:12]} 19. Na2 {[%emt 0:04:52]} e5 {[%emt 0:01:43]} 20. dxe5 {[%emt 0:03:09]} Qxe5 {[%emt 0:00:09]} 21. Nb4 {[%emt 0:00:26]} Qd6 {[%emt 0:04:05]} 22. Nc6 {[%emt 0:05:35]} Ne8 {[%emt 0:00:49]} 23. Bd5 {[%emt 0:07:26]} Nf6 {[%emt 0:04:07]} 24. Bxf7+ {[%emt 0:04:17]} Kh7 {[%emt 0:04:55]} 25. Qe6 {[%emt 0:07:05]} Qc5 {[%emt 0:00:52]} 26. Ne5 {[%emt 0:03:11]} g5 {[%emt 0:03:42]} 27. Qf5+ {[%emt 0:04:02]} 1-0

[Event "23rd OIBM 2019"]
[Site "Gmund am Tegernsee"]
[Date "2019.10.29"]
[Round "4.20"]
[White "Kolb, Tobias"]
[Black "Bellia, Fabrizio"]
[Result "0-1"]
[WhiteElo "2073"]
[BlackElo "2433"]
[Annotator "ChessBase"]
[PlyCount "68"]
[EventDate "2019.10.17"]
[EventType "swiss"]
[EventCountry "GER"]
[SourceTitle "playchess.com"]
[Source "ChessBase"]
[SourceQuality "1"]
[TimeControl "40/5400+30:1800+30"]

1. e4 {[%emt 0:00:00]} e5 {[%emt 0:00:00]} 2. Bc4 {[%emt 0:00:00]} Nf6 {[%emt 0:00:00]} 3. Nc3 {[%emt 0:00:00]} Nc6 {[%emt 0:00:00]} 4. d3 {[%emt 0:00:00]} Na5 {[%emt 0:00:00]} 5. Qf3 {[%emt 0:00:00]} Nxc4 {[%emt 0:05:45]} 6. dxc4 {[%emt 0:00:10]} d6 {[%emt 0:00:22]} 7. h3 {[%emt 0:00:20]} c6 {[%emt 0:00:48]} 8. Bg5 {[%emt 0:05:57]} Be7 {[%emt 0:00:22]} 9. Nge2 {[%emt 0:01:00]} Be6 {[%emt 0:02:14]} 10. b3 {[%emt 0:00:05]} h6 {[%emt 0:05:59]} 11. Bxf6 {[%emt 0:01:57]} Bxf6 {[%emt 0:01:53]} 12. O-O {[%emt 0:00:30]} Qe7 {[%emt 0:03:53]} 13. Rad1 {[%emt 0:12:47]} O-O {[%emt 0:02:05]} 14. Rd3 {[%emt 0:11:40]} Bg5 {[%emt 0:02:36]} 15. g4 {[%emt 0:03:36]} h5 {[%emt 0:08:54]} 16. Qg2 {[%emt 0:23:40]} hxg4 {[%emt 0:08:50]} 17. hxg4 {[%emt 0:00:04]} g6 {[%emt 0:00:10]} 18. Rfd1 {[%emt 0:05:41]} Kg7 {[%emt 0:05:12]} 19. Rh3 {[%emt 0:08:39]} Rh8 {[%emt 0:02:27]} 20. Rdd3 {[%emt 0:00:05]} Qd7 {[%emt 0:10:17]} 21. Rxh8 {[%emt 0:01:04]} Rxh8 {[%emt 0:00:07]} 22. c5 {[%emt 0:00:22]} Rh4 {[%emt 0:03:19]} 23. Rxd6 {[%emt 0:02:58]} Qc7 {[%emt 0:06:26]} 24. Ng3 {[%emt 0:04:45]} Rxg4 {[%emt 0:01:20]} 25. f3 {[%emt 0:00:39]} Be3+ {[%emt 0:00:33]} 26. Kf1 {[%emt 0:00:04]} Rg5 {[%emt 0:00:28]} 27. Nce2 {[%emt 0:02:03]} Qe7 {[%emt 0:02:02]} 28. Qh2 {[%emt 0:05:55]} Bxc5 {[%emt 0:01:14]} 29. Rd1 {[%emt 0:00:30]} Bb6 {[%emt 0:01:47]} 30. Kg2 {[%emt 0:03:51]} Qc5 {[%emt 0:00:16]} 31. Kh1 {[%emt 0:01:46]} Qxc2 {[%emt 0:01:46]} 32. Nf5+ {[%emt 0:01:50]} Rxf5 {[%emt 0:01:13]} 33. Rc1 {[%emt 0:01:12]} Qxc1+ {[%emt 0:00:08]} 34. Nxc1 {[%emt 0:00:04]} Rh5 {[%emt 0:00:03]} 0-1

[Event "23rd OIBM 2019"]
[Site "Gmund am Tegernsee"]
[Date "2019.10.29"]
[Round "4.21"]
[White "Zajogin, Alexander"]
[Black "Frese, Daniel"]
[Result "1-0"]
[WhiteElo "2426"]
[BlackElo "1969"]
[Annotator "TA"]
[PlyCount "29"]
[EventDate "2019.10.17"]
[EventType "swiss"]
[EventCountry "GER"]
[SourceTitle "playchess.com"]
[Source "ChessBase"]
[SourceQuality "1"]

{[%evp 9,29,0,-5,-22,87,20,105,122,219,244,261,259,243,212,495,488,489,487,568,279,528,500]} 1. d4 Nf6 2. Bg5 Ne4 3. Bf4 d5 4. f3 Nf6 5. Nc3 c5 6. e3 {A45: Trompowsky Attack} Bf5 (6... e6 $11) 7. g4 $146 (7. Nb5 $16 Na6 8. dxc5) ({Predecessor:} 7. Nb5 Na6 8. c3 Qb6 9. a4 c4 10. g4 Bd7 11. b3 cxb3 12. Qxb3 e6 {½-½ (36) Roselli Mailhe,B (2471)-Curi,G (2185) Sao Paulo 2019}) 7... Bg6 {[#]} (7... Bd7 $1 $11 {remains equal.}) 8. g5 $1 $16 {[%cal Rg5f6] White is better.} (8. dxc5 $6 Nc6 $11) 8... Nh5 (8... cxd4 $16 9. Nb5 (9. gxf6 dxc3 10. Bxb8 exf6 $11) (9. Qxd4 Nc6 $11) (9. exd4 Nh5 $11) 9... Nh5) 9. Bxb8 $1 $18 {Strongly threatening Bb5+.} ({And not} 9. dxc5 Nxf4 10. Bb5+ Nc6 $15) 9... Qxb8 10. Bb5+ ({Not} 10. dxc5 e6 $16) (10. Nxd5 f6 $16) 10... Kd8 11. Nxd5 cxd4 $2 (11... c4 {is a better defense.} 12. Bxc4 Qd6) 12. Qxd4 {[#] Threatening mate with Nxe7+!} Qd6 {intending ...e6.} 13. O-O-O Rc8 14. Ba4 (14. e4 $142 e6 15. Qxa7 exd5 16. Rxd5 Qxd5 17. Qa5+ Rc7 18. exd5 Bxc2 19. Qa8+ Rc8 20. Qxb7 Bf5+ 21. Kd1) 14... Qc5 $2 (14... e6) 15. Nb6+ {Accuracy: White = 31%, Black =  3%.} 1-0

[Event "23rd OIBM 2019"]
[Site "Gmund am Tegernsee"]
[Date "2019.10.29"]
[Round "4.22"]
[White "Maruntis, Patrik-Robert"]
[Black "Morawietz, Dieter"]
[Result "1/2-1/2"]
[WhiteElo "1707"]
[BlackElo "2419"]
[Annotator "TA"]
[PlyCount "64"]
[EventDate "2019.10.17"]
[EventType "swiss"]
[EventCountry "GER"]
[SourceTitle "playchess.com"]
[Source "ChessBase"]
[SourceQuality "1"]

{[%evp 9,64,4,0,0,6,0,0,0,0,0,3,0,12,-33,-24,-43,0,-5,-8,-16,0,-11,18,14,55,39,49,46,46,36,50,52,54,46,53,52,55,53,43,45,66,62,66,61,87,78,79,76,110,65,66,57,59,20,50,25,71]} 1. e4 c5 2. Nf3 e6 3. c4 Nc6 4. Nc3 e5 5. g3 d6 6. Bg2 {B40: Sicilian: 2...e6, Unusual lines} g6 7. d3 Bg7 (7... h5 8. Nd5 Bh6 9. Bxh6 Nxh6 10. Qd2 a5 11. a3 {½-½ (30) Sadikhov,U (2484)-Sumets,A (2575) Cesme 2018}) 8. Be3 {The position is equal.} Nge7 9. O-O O-O 10. Qd2 Nd4 11. Bxd4 $146 ({Predecessor:} 11. Bh6 Bg4 12. Bxg7 Kxg7 13. Nh4 Qd7 14. f4 exf4 15. gxf4 f5 16. h3 Bh5 17. Rae1 {1-0 (54) Gomes,M (2284)-Toncheva,N (1975) Paracin 2018}) 11... cxd4 12. Nd5 h6 13. Nxe7+ Qxe7 14. Ne1 f5 15. f4 Be6 16. exf5 gxf5 17. Nc2 Kh8 18. Rae1 {[%cal Ba1e1,Be1e2,Be2g2][%mdl 32]} Rae8 19. b3 Qd7 20. Nb4 Bg8 21. Nd5 Bh7 22. Re2 e4 23. Rfe1 {[%cal Rd3e4]} e3 24. Qd1 Rb8 25. a4 Bg6 26. Bf3 a5 27. Rg2 Bf7 28. Ree2 Be6 29. Rc2 Qd8 30. Qe1 Rc8 31. h4 Rc5 32. Kh2 Qd7 {Accuracy: White = 74%, Black = 34%.} 1/2-1/2

[Event "23rd OIBM 2019"]
[Site "Gmund am Tegernsee"]
[Date "2019.10.29"]
[Round "4.23"]
[White "Nasuta, Grzegorz"]
[Black "Mohota, Nisha"]
[Result "1/2-1/2"]
[WhiteElo "2534"]
[BlackElo "2195"]
[Annotator "TA"]
[PlyCount "132"]
[EventDate "2019.10.17"]
[EventType "swiss"]
[EventCountry "GER"]
[SourceTitle "playchess.com"]
[Source "ChessBase"]
[SourceQuality "1"]

{[%evp 19,132,31,23,30,28,0,16,14,29,17,61,46,46,42,91,97,99,62,79,97,104,73,132,58,106,85,81,42,66,59,59,58,65,60,56,52,58,57,50,50,56,67,72,44,56,46,54,56,53,35,37,32,78,78,78,78,78,78,78,78,87,49,83,0,91,43,61,62,70,12,15,16,83,8,8,8,61,70,70,8,16,0,0,0,0,0,0,0,0,0,0,0,0,0,0,0,0,0,0,0,0,0,0,0,0,0,0,0,0,0,0,0,0,0,0]} 1. e4 e5 2. Nf3 Nc6 3. Bb5 a6 4. Ba4 Nf6 5. O-O Be7 6. Re1 b5 7. Bb3 d6 8. a4 Bg4 9. c3 O-O 10. h3 Bh5 11. d3 {C90: Closed Ruy Lopez with 7...d6: Early deviations} Na5 12. Bc2 c5 (12... b4 $5) 13. Nbd2 {[%cal Bb1d2,Bd2f1,Bf1g3][%mdl 32]} Re8 (13... b4 14. Nf1 Rb8 15. Ng3 Bg6 16. Qe2 b3 17. Bd1 Re8 18. Nh4 d5 19. exd5 Qxd5 20. Nxg6 hxg6 {½-½ (29) Buhmann,R (2568)-Bosiocic,M (2614) Skopje 2019}) 14. Nf1 h6 15. Ng3 Bg6 16. Nh4 Bf8 $146 ({Predecessor:} 16... b4 17. Ngf5 Bf8 18. Nxg6 fxg6 {1-0 (55) Kwiatkowski,F (2240)-Lane,G (2410) Blackpool 1988}) 17. axb5 axb5 18. Qf3 Kh8 19. Bd2 c4 20. d4 Ng8 (20... Bh7 $142) 21. Nhf5 ({White should try} 21. Nxg6+ $16 fxg6 22. Ra2) 21... Nb3 22. Bxb3 $1 cxb3 23. Qd3 Qb6 24. Be3 {[#] Black must now prevent Rxa8.} Qb7 25. Rxa8 Rxa8 26. Qd1 Bxf5 27. exf5 Qd5 $1 28. dxe5 Qxd1 29. Rxd1 dxe5 30. Ne4 Ra2 31. Rb1 Ne7 32. Bc5 Kg8 33. Bxe7 Bxe7 $14 {[%mdl 4096] Endgame KRB-KRN} 34. Kf1 h5 35. Nd2 Ba3 36. bxa3 Rxd2 37. Rxb3 $16 {KR-KR} Rd5 38. Ke2 Kf8 39. Rb4 Ke7 40. Rh4 Rd8 41. Rb4 Rd5 $1 42. a4 bxa4 43. Rxa4 Kf6 44. g4 (44. Ra7 $14) 44... hxg4 $11 45. hxg4 Rd7 (45... g6 $11 {remains equal.}) 46. f3 (46. Re4 $16) 46... Kg5 47. Ke3 g6 ({Better is} 47... f6 $11) 48. fxg6 Kxg6 49. Ra1 (49. Re4 $14) 49... f5 {The position is equal.} 50. Rc1 fxg4 51. fxg4 Rc7 52. Kd3 Kg5 53. Re1 Rd7+ 54. Ke4 {[#] Rc1 is the strong threat.} Rc7 55. Kd3 Rd7+ 56. Kc4 Rc7+ 57. Kb4 Kf4 58. c4 e4 59. c5 e3 60. Kb5 Re7 61. c6 Kxg4 62. Kb6 Kf3 63. c7 Rxc7 64. Kxc7 e2 65. Kc6 Kf2 66. Rxe2+ Kxe2 {Accuracy: White = 47%, Black = 60%.} 1/2-1/2